Micro-économie de la corrupcion (Registro nro. 36745)
[ vista simple ]
| 000 -CABECERA | |
|---|---|
| Longitud fija campo de control | 00845naa a2200253 c 4500 |
| 001 - NÚMERO DE CONTROL | |
| Número de control | 36745 |
| 003 - IDENTIFICADOR DE NÚMERO DE CONTROL | |
| Identificador del número de control | ES-MaCES |
| 005 - FECHA Y HORA DE LA ÚLTIMA TRANSACCIÓN | |
| Fecha y hora de la última transacción | 20060628095200.0 |
| 008 - CAMPO FIJO DE DESCRIPCIÓN FIJA--INFORMACIÓN GENERAL | |
| Códigos de información de longitud fija | 060628n2006 fr t 000 | fre d |
| 035 ## - NÚMERO DE CONTROL DEL SISTEMA | |
| Número de control del sistema | CES20060010157v |
| 040 ## - FUENTE DE CATALOGACIÓN | |
| Centro catalogador de origen | ES-MaCES |
| Lengua de catalogación | spa |
| Centro transcriptor | ES-MaCES |
| 100 1# - ENCABEZAMIENTO PRINCIPAL--NOMBRE PERSONAL | |
| Nombre de persona | Jacquemet, Nicolas |
| 9 (RLIN) | 15304 |
| 245 10 - MENCIÓN DE TÍTULO | |
| Título | Micro-économie de la corrupcion |
| Mención de responsabilidad, etc. | Nicolas Jacquemet |
| 504 ## - NOTA DE BIBLIOGRAFÍA, ETC. | |
| Nota de bibliografía, etc. | Bibliografía: p.153-159 |
| 650 #4 - ASIENTO SECUNDARIO DE MATERIA--TÉRMINO DE MATERIA | |
| Término de materia o nombre geográfico como elemento inicial | análisis económico |
| 9 (RLIN) | 27070 |
| 650 #4 - ASIENTO SECUNDARIO DE MATERIA--TÉRMINO DE MATERIA | |
| Término de materia o nombre geográfico como elemento inicial | comportamiento |
| 9 (RLIN) | 27271 |
| 650 #4 - ASIENTO SECUNDARIO DE MATERIA--TÉRMINO DE MATERIA | |
| Término de materia o nombre geográfico como elemento inicial | ética |
| 9 (RLIN) | 27324 |
| 650 #4 - ASIENTO SECUNDARIO DE MATERIA--TÉRMINO DE MATERIA | |
| Término de materia o nombre geográfico como elemento inicial | corrupción |
| 9 (RLIN) | 29365 |
| 653 10 - TÉRMINO DE INDEXACIÓN--NO CONTROLADO | |
| Término no controlado | Ciencias Sociales-Políticas |
| 773 0# - ENTRADA DE DOCUMENTO FUENTE | |
| Título | Revue française d'économie |
| Parte(s) relacionada(s) | vol. 20, nº 4 (avril 2006){10202 R. 064649}; p. 117-159 |
| Número de control del registro relacionado | (ES-MaCES)25218 |
| Itemnumber del ítem fuente | 43403 |
| 902 ## - CES. TIPO DE DOCUMENTO | |
| Tipodoc (006$c Sirtex) | ART Artículo de revista |
| 942 ## - ELEMENTOS KOHA | |
| Fuente de clasificaión o esquema | Clasificación propia del CES |
| Koha [por defecto] tipo de item | Artículos (1982-2017) |
| Parte de clasificación | 7.0. |
No hay ítems disponibles.
